[Event "WY U-16 Chess Olympiad 2019"]
[Site "Corum"]
[Date "2019.10.30"]
[Round "2"]
[White "Jingjang, Shin"]
[Black "Ismayilov, Arturan"]
[Result "1/2-1/2"]
[WhiteElo "1584"]
[BlackElo "1561"]
[Annotator "NA RC"]
[PlyCount "116"]
[EventDate "2019.10.28"]
[EventType "team-tourn"]
[EventCountry "TUR"]
[SourceTitle "playchess.com"]
[Source "ChessBase"]
[SourceQuality "1"]

1. d4 Nf6 2. Nf3 g6 3. Bg5 d5 4. e3 Bg7 5. Nbd2 O-O 6. c4 Nc6 7. Be2 h6 8. Bh4 Re8 9. O-O g5 10. Bg3 Bf5 11. Rc1 e6 12. Ne5 Nxe5 13. Bxe5 Nd7 14. Bxg7 Kxg7 15. cxd5 exd5 16. Qb3 Nb6 17. Bd3 Bxd3 18. Qxd3 c6 19. Rc3 Re6 20. Qc2 Qd6 21. Rc1 Nd7 22. Nb3 Nf6 23. Nc5 Re7 24. a3 Rc8 25. b4 a6 26. a4 Qd8 27. b5 axb5 28. axb5 Qa5 29. bxc6 Rxc6 30. Nb3 Qxc3 31. Qxc3 Rxc3 32. Rxc3 Ne4 33. Rc8 b6 34. Rb8 Re6 35. Rd8 Nf6 36. Kf1 Rc6 37. Rb8 Ne4 38. f3 Nd6 39. Nd2 f5 40. Ke2 Rc2 41. Kd3 Rc6 42. e4 fxe4+ 43. fxe4 dxe4+ 44. Nxe4 Kf7 45. Nxd6+ Rxd6 46. Ke4 Ke6 47. Rh8 Kf7 48. Rh7+ Kg6 49. Ke5 Rxd4 50. Rxh6+ Kxh6 51. Kxd4 g4 52. Kc4 Kg5 53. Kb5 Kf4 54. Kxb6 Ke3 55. h4 gxh3 56. gxh3 Kf3 57. Kc5 Kg3 58. Kd4 Kxh3 1/2-1/2

[Event "WY U-16 Chess Olympiad 2019"]
[Site "Corum"]
[Date "2019.10.30"]
[Round "2"]
[White "Magzumov, Damirali"]
[Black "Vuckovic, Marko"]
[Result "0-1"]
[WhiteElo "1522"]
[BlackElo "2054"]
[Annotator "NA RC"]
[PlyCount "106"]
[EventDate "2019.10.28"]
[EventType "team-tourn"]
[EventCountry "TUR"]
[SourceTitle "playchess.com"]
[Source "ChessBase"]
[SourceQuality "1"]

1. e4 c5 2. Nf3 e6 3. d4 cxd4 4. Nxd4 Nc6 5. Nc3 Qc7 6. Be3 a6 7. Bd3 Nf6 8. O-O b5 9. h3 Bb7 10. a3 Be7 11. Qe2 O-O 12. Rad1 Ne5 13. f4 Nxd3 14. cxd3 Rac8 15. Rc1 Qb8 16. b4 d6 17. Qd2 Rfd8 18. Rc2 Rd7 19. Rfc1 Bd8 20. Nce2 Rxc2 21. Rxc2 Rc7 22. Nb3 Nd7 23. Qc1 Rxc2 24. Qxc2 Qc7 25. Qxc7 Bxc7 26. Kf2 Kf8 27. Nc3 Nb6 28. Ke2 Ke7 29. Kd2 g6 30. g3 f5 31. exf5 gxf5 32. Nd4 Bg2 33. h4 Kf6 34. Ke2 Ba8 35. Nf3 e5 36. fxe5+ dxe5 37. Nd2 Nd5 38. Nxd5+ Bxd5 39. Nb1 e4 40. dxe4 Bxe4 41. Nc3 Bxg3 42. Nxe4+ fxe4 43. Bg5+ Ke5 44. Ke3 Bh2 45. Bd8 Bg1+ 46. Ke2 h5 47. Bc7+ Kd5 48. Kd2 Bd4 49. Kc2 Ke6 50. Bf4 Kf5 51. Bg5 Kg4 52. Be7 Kf3 53. Bc5 Bf6 0-1

[Event "WY U-16 Chess Olympiad 2019"]
[Site "Corum"]
[Date "2019.10.30"]
[Round "2"]
[White "Abdikani Nor, Mohamed"]
[Black "Kwong, Wing Ki"]
[Result "0-1"]
[WhiteElo "1518"]
[BlackElo "1822"]
[Annotator "NA RC"]
[PlyCount "124"]
[EventDate "2019.10.28"]
[EventType "team-tourn"]
[EventCountry "TUR"]
[SourceTitle "playchess.com"]
[Source "ChessBase"]
[SourceQuality "1"]

1. e4 e5 2. Nf3 Nc6 3. d4 exd4 4. Nxd4 Bb4+ 5. Nc3 Nf6 6. Nxc6 bxc6 7. Bd3 O-O 8. O-O Re8 9. Re1 h6 10. Bd2 Bf8 11. Qf3 d6 12. h3 Rb8 13. b3 g6 14. Rad1 Bg7 15. a4 Nd7 16. Qg3 Nc5 17. Bc4 Be6 18. Bxe6 Nxe6 19. f4 Nd4 20. f5 Kh7 21. Rf1 g5 22. f6 Bxf6 23. Qf2 Bg7 24. Be3 Ne6 25. Qxf7 Qe7 26. Qf5+ Kh8 27. Ne2 Be5 28. Qg6 Qh7 29. Qh5 Rf8 30. Qg4 Qg6 31. Ng3 Nf4 32. Ne2 Nxe2+ 33. Qxe2 Qxe4 34. Qd2 c5 35. Rde1 Qc6 36. Bxg5 hxg5 37. Qxg5 Qd7 38. Re4 Bd4+ 39. Kh2 Rxf1 40. Rh4+ Qh7 41. Rxh7+ Kxh7 42. Qe7+ Kg8 43. Qg5+ Bg7 44. Qd5+ Rf7 45. Qg5 Rbf8 46. h4 Rf5 47. Qg6 Kh8 48. h5 Be5+ 49. Kh3 R5f6 50. Qe4 Rg8 51. Qc6 Rf5 52. g4 Rf4 53. Qd7 Rfxg4 54. Qxg4 Rxg4 55. Kxg4 Kg7 56. Kf5 Kf7 57. Ke4 Ke6 58. c4 c6 59. h6 a5 60. h7 d5+ 61. cxd5+ cxd5+ 62. Kd3 Kf7 0-1

[Event "WY U-16 Chess Olympiad 2019"]
[Site "Corum"]
[Date "2019.10.30"]
[Round "2"]
[White "Louw, Carlo"]
[Black "Prasitsoonthorn, Teerachoti"]
[Result "0-1"]
[WhiteElo "1518"]
[BlackElo "1866"]
[Annotator "NA RC"]
[PlyCount "56"]
[EventDate "2019.10.28"]
[EventType "team-tourn"]
[EventCountry "TUR"]
[SourceTitle "playchess.com"]
[Source "ChessBase"]
[SourceQuality "1"]

1. e4 e5 2. Nf3 d6 3. Bc4 c6 4. h3 Nf6 5. d3 Be7 6. O-O O-O 7. Be3 d5 8. exd5 cxd5 9. Bb3 Nc6 10. d4 e4 11. Ne5 Bd6 12. Nxc6 bxc6 13. Qd2 Nh5 14. Nc3 Bc7 15. Ne2 Qd6 16. Ng3 f5 17. Qe2 g6 18. Bh6 Rf7 19. c4 Be6 20. c5 Nxg3 21. fxg3 Qxg3 22. Qe3 Qh2+ 23. Kf2 f4 24. Qc3 f3 25. Ke3 Bf4+ 26. Bxf4 Qxf4+ 27. Kf2 e3+ 28. Kg1 f2+ 0-1

[Event "WY U-16 Chess Olympiad 2019"]
[Site "Corum"]
[Date "2019.10.30"]
[Round "2"]
[White "Thenuwara, Rashmika"]
[Black "Milosevic, Milos"]
[Result "1/2-1/2"]
[WhiteElo "1507"]
[BlackElo "2312"]
[Annotator "TA"]
[PlyCount "196"]
[EventDate "2019.10.28"]
[EventType "team-tourn"]
[EventCountry "TUR"]
[SourceTitle "playchess.com"]
[Source "ChessBase"]
[SourceQuality "1"]

1. d4 Nf6 2. Nf3 c5 3. c3 g6 4. Bf4 cxd4 5. cxd4 Bg7 6. e3 d6 7. Nc3 Nh5 8. Bg3 Nxg3 9. hxg3 Nc6 10. Bc4 O-O 11. O-O Bg4 12. Be2 Rc8 13. Rc1 a6 14. Nd2 Bxe2 15. Qxe2 e6 16. Rfd1 Ne7 17. Nce4 d5 18. Nc5 Rc7 19. Ndb3 Qd6 20. Rc3 Nf5 21. Rdc1 Re7 22. Nd3 Qb8 23. Qc2 Nd6 24. Nd2 Ree8 25. Nc5 Rd8 26. a4 Qa7 27. Nf3 Rfe8 28. Nd3 Bf8 29. Nde5 Be7 30. Rc7 Qb6 31. Nd7 Qa5 32. Nde5 Rc8 33. b3 Rxc7 34. Qxc7 Qb4 35. Qc3 Qb6 36. Nd7 Qa7 37. Qd3 b6 38. Nde5 Qb7 39. Nc6 Bf8 40. Nce5 Rc8 41. Rc2 f6 42. Ng4 Kg7 43. Nd2 b5 44. axb5 Nxb5 45. Nh2 Bb4 46. Rxc8 Qxc8 47. Nhf3 Qc1+ 48. Kh2 g5 49. g4 Qd1 50. Qf1 Qc2 51. Qb1 Qc3 52. Qa2 Na3 53. Nb1 Nxb1 54. Qxb1 a5 55. Qa2 Qd3 56. Qa4 Qg6 57. Qd7+ Qf7 58. Qxf7+ Kxf7 59. Kg1 Kg6 60. Kf1 h5 61. gxh5+ Kxh5 62. Ne1 Kg6 63. Nd3 Bc3 64. Ke2 e5 65. dxe5 fxe5 66. Nc1 Kf5 67. Na2 Bb2 68. Kd3 e4+ 69. Kc2 Ba3 70. Nc3 Ke5 71. Nb5 Bc5 72. Kd2 g4 73. Ke2 Bb6 74. Na3 Kd6 75. Nc2 Ke5 76. g3 Bc5 77. Kd1 Bb6 78. Ke2 Bc5 79. Kd1 Kd6 80. Ke2 Kc6 81. Kd2 Bb4+ 82. Nxb4+ axb4 83. Kc1 Kc5 84. Kc2 Kd6 85. Kd2 Kc7 86. Kd1 Kb7 87. Kc1 Ka6 88. Kb2 Ka5 89. Kb1 Kb6 90. Kb2 Kb5 91. Kc1 Kc5 92. Kc2 d4 93. exd4+ Kd5 94. Kd1 Kxd4 95. Kd2 Kd5 96. Ke3 Ke5 97. Ke2 Kd5 98. Ke3 Ke5 1/2-1/2

[Event "WY U-16 Chess Olympiad 2019"]
[Site "Corum"]
[Date "2019.10.30"]
[Round "2"]
[White "Angjelkoska Jana"]
[Black "Celik, Eylul"]
[Result "0-1"]
[WhiteElo "1441"]
[BlackElo "1896"]
[Annotator "NA RC"]
[PlyCount "70"]
[EventDate "2019.10.28"]
[EventType "team-tourn"]
[EventCountry "TUR"]
[SourceTitle "playchess.com"]
[Source "ChessBase"]
[SourceQuality "1"]

1. e4 c5 2. Nc3 e6 3. f4 d5 4. Bb5+ Nc6 5. exd5 exd5 6. Qe2+ Be7 7. Nf3 Nf6 8. O-O O-O 9. Bxc6 bxc6 10. b3 Re8 11. d3 Bd6 12. Qd2 d4 13. Na4 Nd5 14. g3 Bg4 15. c3 Re3 16. Qd1 Rxf3 17. Rxf3 dxc3 18. Qf1 Bxf3 19. Qxf3 Qf6 20. Be3 Nxe3 21. Qxe3 Qd4 22. Kf2 Re8 23. Qxd4 cxd4 24. Rc1 h5 25. Rc2 Ba3 26. h3 f5 27. Nxc3 dxc3 28. Rxc3 c5 29. Rc4 a5 30. Kf3 Rd8 31. Ke3 Bb4 32. Rc1 Re8+ 33. Kf3 Re1 34. Rc2 Rf1+ 35. Kg2 Rd1 0-1

[Event "WY U-16 Chess Olympiad 2019"]
[Site "Corum"]
[Date "2019.10.30"]
[Round "2"]
[White "Lee, Dariya"]
[Black "Udval, Enkhsaikhan"]
[Result "1-0"]
[WhiteElo "1423"]
[BlackElo "1721"]
[Annotator "NA RC"]
[PlyCount "83"]
[EventDate "2019.10.28"]
[EventType "team-tourn"]
[EventCountry "TUR"]
[SourceTitle "playchess.com"]
[Source "ChessBase"]
[SourceQuality "1"]

1. c4 e5 2. Nc3 Nf6 3. g3 d5 4. cxd5 Nxd5 5. Bg2 Nb6 6. Nf3 Nc6 7. d3 Be7 8. O-O O-O 9. a3 Be6 10. b4 f6 11. Be3 Nd5 12. Nxd5 Bxd5 13. Rc1 a5 14. b5 Nd4 15. Nxd4 exd4 16. Bxd5+ Qxd5 17. Bf4 Bxa3 18. Rxc7 g5 19. e4 dxe3 20. Bxe3 Rac8 21. b6 Bd6 22. Rc1 Rfd8 23. Qa4 Bb4 24. Qa1 Qe6 25. Bd4 Rxc1 26. Rxc1 Kf7 27. Rc7+ Kg6 28. Rxb7 Re8 29. Be3 Qd5 30. Rc7 Qxd3 31. Qa2 Kf5 32. Qf7 Qb1+ 33. Rc1 Qe4 34. Qxh7+ Kg4 35. h3+ Kf3 36. Qh5+ g4 37. Qxg4+ Qxg4 38. hxg4 Kxg4 39. Bf4 a4 40. Rc4 Kh3 41. Be3 Rh8 42. Rxb4 1-0

[Event "WY U-16 Chess Olympiad 2019"]
[Site "Corum"]
[Date "2019.10.30"]
[Round "2"]
[White "Putter, Nicola"]
[Black "Shubin, Kirill"]
[Result "0-1"]
[WhiteElo "1421"]
[BlackElo "2416"]
[Annotator "TA"]
[PlyCount "58"]
[EventDate "2019.10.28"]
[EventType "team-tourn"]
[EventCountry "TUR"]
[SourceTitle "playchess.com"]
[Source "ChessBase"]
[SourceQuality "1"]

1. e4 e6 2. d4 d5 3. e5 c5 4. c3 Qa5 5. a3 Nc6 6. Nf3 Bd7 7. dxc5 Qc7 8. b4 Nxe5 9. Bf4 Nxf3+ 10. Qxf3 e5 11. Bg3 Ne7 12. Bd3 f5 13. c4 dxc4 14. Bxc4 f4 15. Bh4 Nf5 16. Bg5 Nd4 17. Qh5+ g6 18. Qd1 Bg7 19. Nc3 Bc6 20. f3 h6 21. Bh4 g5 22. Bf2 O-O-O 23. Ne4 g4 24. Nd6+ Kb8 25. Bxd4 exd4 26. Ra2 Qe7+ 27. Re2 Qh4+ 28. Kd2 gxf3 29. Qe1 fxg2 0-1

[Event "WY U-16 Chess Olympiad 2019"]
[Site "Corum"]
[Date "2019.10.30"]
[Round "2"]
[White "Ozdilli, Mustafa Alper"]
[Black "Shaw, Laurie Ann"]
[Result "1-0"]
[WhiteElo "1328"]
[BlackElo "1274"]
[Annotator "NA RC"]
[PlyCount "52"]
[EventDate "2019.10.28"]
[EventType "team-tourn"]
[EventCountry "TUR"]
[SourceTitle "playchess.com"]
[Source "ChessBase"]
[SourceQuality "1"]

1. e4 c5 2. c3 Nc6 3. Nf3 g6 4. Na3 a6 5. Be2 Bg7 6. O-O b5 7. Nc2 d5 8. exd5 Qxd5 9. d3 Nf6 10. Bf4 O-O 11. d4 cxd4 12. cxd4 Bb7 13. a4 bxa4 14. Ne3 Qe4 15. Bg5 Nd5 16. Nxd5 Qxd5 17. Rxa4 Rfd8 18. Bc4 Qd7 19. Qb3 Nxd4 20. Bxf7+ Kf8 21. Nxd4 Bxd4 22. Rxd4 Qxd4 23. Bh6+ Qg7 24. Bxg7+ Kxg7 25. Qxb7 Kxf7 26. Re1 Rab8 1-0

[Event "WY U-16 Chess Olympiad 2019"]
[Site "Corum"]
[Date "2019.10.30"]
[Round "2"]
[White "Booysen, Tineke"]
[Black "Hatirli, Ugur Can"]
[Result "0-1"]
[WhiteElo "1310"]
[BlackElo "1852"]
[Annotator "NA RC"]
[PlyCount "58"]
[EventDate "2019.10.28"]
[EventType "team-tourn"]
[EventCountry "TUR"]
[SourceTitle "playchess.com"]
[Source "ChessBase"]
[SourceQuality "1"]

1. e4 c5 2. Nf3 e6 3. c3 d6 4. d4 Nf6 5. Bd3 Be7 6. O-O Nc6 7. h3 Bd7 8. Be3 Rc8 9. Nbd2 cxd4 10. Nxd4 a6 11. Bg5 Ne5 12. Bc2 Qb6 13. Rb1 h6 14. Bh4 O-O 15. N4f3 Bb5 16. Nxe5 dxe5 17. Re1 Rfd8 18. Qc1 g5 19. Bg3 Nh5 20. Bxe5 Bc5 21. Bd4 Rxd4 22. cxd4 Bxd4 23. Kh1 Bxf2 24. e5 Kh8 25. Qd1 Ng3+ 26. Kh2 Bxe1 27. Qxe1 Rxc2 28. Kxg3 Qd4 29. Nf3 Qf4# 0-1

[Event "WY U-16 Chess Olympiad 2019"]
[Site "Corum"]
[Date "2019.10.30"]
[Round "2"]
[White "Claassen, Anke"]
[Black "Taban, Yagiz"]
[Result "0-1"]
[WhiteElo "1295"]
[BlackElo "1591"]
[Annotator "NA RC"]
[PlyCount "72"]
[EventDate "2019.10.28"]
[EventType "team-tourn"]
[EventCountry "TUR"]
[SourceTitle "playchess.com"]
[Source "ChessBase"]
[SourceQuality "1"]

1. e4 c5 2. Nc3 a6 3. a4 b6 4. f4 Bb7 5. Nf3 e6 6. d3 d5 7. e5 Be7 8. Be2 Nh6 9. O-O Nc6 10. Bd2 O-O 11. Qe1 Nf5 12. Bd1 c4 13. Ne2 Bc5+ 14. Kh1 cxd3 15. cxd3 Ne3 16. Bxe3 Bxe3 17. Qg3 d4 18. Ne1 Ne7 19. Qh4 Qd7 20. Nc2 Nf5 21. Qh3 f6 22. exf6 Rxf6 23. Ng3 Nxg3+ 24. Qxg3 Rg6 25. Qh3 Bxg2+ 26. Qxg2 Rxg2 27. Kxg2 Rf8 28. Nxe3 dxe3 29. Be2 Qd4 30. Ra2 Qd5+ 31. Kg1 Rf6 32. Rf3 Qxa2 33. Rxe3 Qxb2 34. Kf2 Rxf4+ 35. Kg3 Qf6 36. Re4 Qh4+ 0-1

[Event "WY U-16 Chess Olympiad 2019"]
[Site "Corum"]
[Date "2019.10.30"]
[Round "2"]
[White "Watkins, Rachel Jane"]
[Black "Ding, Dao En"]
[Result "1-0"]
[WhiteElo "1212"]
[BlackElo "1731"]
[Annotator "NA RC"]
[PlyCount "113"]
[EventDate "2019.10.28"]
[EventType "team-tourn"]
[EventCountry "TUR"]
[SourceTitle "playchess.com"]
[Source "ChessBase"]
[SourceQuality "1"]

1. e4 c5 2. Nf3 d6 3. d4 Nf6 4. Nc3 cxd4 5. Nxd4 e5 6. Nf3 Nc6 7. Bc4 Be7 8. h3 O-O 9. O-O a6 10. Be3 Qc7 11. Re1 b5 12. Nd5 Nxd5 13. Bxd5 Bb7 14. a3 Na5 15. Bxb7 Qxb7 16. Qd3 Nc4 17. b3 Nxe3 18. Qxe3 Rac8 19. Qd3 Rc7 20. a4 b4 21. Rac1 Rc3 22. Qd2 Rfc8 23. Re3 Rxe3 24. Qxe3 Rc3 25. Qe2 Qc6 26. Ne1 Rxb3 27. Nd3 Bg5 28. cxb3 Bxc1 29. Nxb4 Qc3 30. Qc2 Qxc2 31. Nxc2 a5 32. Kf1 g6 33. Ke2 f5 34. f3 f4 35. Kd3 Kf7 36. Kc4 Ke6 37. Kb5 Bd2 38. Na3 d5 39. exd5+ Kxd5 40. Nc4 Be3 41. Kxa5 g5 42. Ka6 h5 43. a5 e4 44. Nb6+ Kc6 45. fxe4 g4 46. Nc4 gxh3 47. gxh3 Bc5 48. Ne5+ Kd6 49. Nd3 f3 50. e5+ Kc6 51. e6 f2 52. Nxf2 Bxf2 53. e7 Kd7 54. Kb7 Kxe7 55. a6 Kd6 56. b4 Kd7 57. b5 1-0

[Event "WY U-16 Chess Olympiad 2019"]
[Site "Corum"]
[Date "2019.10.30"]
[Round "2"]
[White "Mohamed Ali S"]
[Black "Deng Jing Xin Crystal"]
[Result "0-1"]
[WhiteElo "1073"]
[BlackElo "1944"]
[Annotator "NA RC"]
[PlyCount "38"]
[EventDate "2019.10.28"]
[EventType "team-tourn"]
[EventCountry "TUR"]
[SourceTitle "playchess.com"]
[Source "ChessBase"]
[SourceQuality "1"]

1. e4 c5 2. Nf3 Nc6 3. Bc4 g6 4. Nc3 Bg7 5. d3 d6 6. Bd2 e6 7. O-O Nge7 8. Re1 O-O 9. Be3 d5 10. Bxc5 dxc4 11. dxc4 b6 12. Qxd8 Rxd8 13. Bxe7 Nxe7 14. Rad1 Ba6 15. Nd2 Rd7 16. Re3 Rad8 17. Re2 Bxc4 18. Ree1 Rxd2 19. Rxd2 Rxd2 0-1

[Event "WY U-16 Chess Olympiad 2019"]
[Site "Corum"]
[Date "2019.10.30"]
[Round "3"]
[White "Sindarov, Javokhir"]
[Black "Suleymanli, Aydin"]
[Result "1/2-1/2"]
[WhiteElo "2513"]
[BlackElo "2426"]
[Annotator "ChessBase"]
[PlyCount "100"]
[EventDate "2019.10.28"]
[EventType "team-tourn"]
[EventCountry "TUR"]
[SourceTitle "playchess.com"]
[Source "ChessBase"]
[SourceQuality "1"]

1. e4 c6 2. d4 d5 3. exd5 cxd5 4. c4 Nf6 5. Nc3 g6 6. cxd5 Bg7 7. Bb5+ Nbd7 8. d6 exd6 9. Qe2+ Qe7 10. Bf4 Qxe2+ 11. Bxe2 O-O 12. Bxd6 Re8 13. Nf3 Nb6 14. O-O Bg4 15. h3 Rad8 16. Bc7 Bxf3 17. Bxf3 Rxd4 18. Rad1 Nfd7 19. Nb5 Rxd1 20. Rxd1 Bxb2 21. Bxb7 Re2 22. a4 Nc5 23. Bf3 Rc2 24. a5 Nc4 25. Nxa7 Ne6 26. Bb6 Bc3 27. Nc6 Nxb6 28. axb6 Rb2 29. Bg4 Rxb6 30. Ne7+ Kf8 31. Nd5 Rb3 32. Bxe6 fxe6 33. Nxc3 Rxc3 34. Rd7 h6 35. Rh7 h5 36. g3 Rb3 37. Kg2 e5 38. Kf1 Rb1+ 39. Ke2 Rb2+ 40. Kf3 Rb3+ 41. Ke4 Rb2 42. Kf3 Rb3+ 43. Kg2 e4 44. Ra7 e3 45. f4 e2 46. Ra1 h4 47. gxh4 Kf7 48. Re1 Re3 49. Kf2 Rxh3 50. Rxe2 Rxh4 1/2-1/2

[Event "WY U-16 Chess Olympiad 2019"]
[Site "Corum"]
[Date "2019.10.30"]
[Round "3"]
[White "Muradli, Mahammad"]
[Black "Abdusattorov, Nodirbek"]
[Result "1/2-1/2"]
[WhiteElo "2459"]
[BlackElo "2608"]
[Annotator "TA"]
[PlyCount "81"]
[EventDate "2019.10.28"]
[EventType "team-tourn"]
[EventCountry "TUR"]
[SourceTitle "playchess.com"]
[Source "ChessBase"]
[SourceQuality "1"]

1. d4 Nf6 2. c4 e6 3. Nf3 b6 4. g3 Bb7 5. Bg2 Be7 6. O-O O-O 7. Re1 Na6 8. a3 d5 9. cxd5 exd5 10. b4 c6 11. Nc3 Nc7 12. Bg5 Ne6 13. Bxf6 Bxf6 14. Rc1 a5 15. e3 axb4 16. axb4 Ra3 17. Re2 Qd6 18. Rb2 Rfa8 19. Ne1 b5 20. Nd3 Bc8 21. Rbc2 Bd7 22. Nb1 Ra1 23. Nd2 Rxc1 24. Rxc1 Be8 25. Nb3 Be7 26. Na5 Bd8 27. Nb7 Qe7 28. Nxd8 Qxd8 29. h4 Qe7 30. Rc3 Nd8 31. Qd2 Nb7 32. Qc1 Nd6 33. Rxc6 Bxc6 34. Qxc6 Ra1+ 35. Kh2 g6 36. Nf4 Ra2 37. Nxd5 Qd8 38. Kg1 Ra1+ 39. Kh2 Ra2 40. Kg1 Ra1+ 41. Kh2 1/2-1/2

[Event "WY U-16 Chess Olympiad 2019"]
[Site "Corum"]
[Date "2019.10.30"]
[Round "3"]
[White "Budisavljevic, Luka"]
[Black "Avila Pavas, Santiago"]
[Result "1-0"]
[WhiteElo "2432"]
[BlackElo "2406"]
[Annotator "NA"]
[PlyCount "75"]
[EventDate "2019.10.28"]
[EventType "team-tourn"]
[EventCountry "TUR"]
[SourceTitle "playchess.com"]
[Source "ChessBase"]
[SourceQuality "1"]

1. d4 d5 2. c4 e6 3. Nc3 a6 4. Nf3 dxc4 5. a4 b6 6. e4 Bb7 7. Bxc4 Nf6 8. Qe2 Be7 9. O-O O-O 10. Rd1 Re8 11. Bf4 Bb4 12. Bd3 h6 13. Rac1 Nc6 14. Bb1 Bxc3 15. Rxc3 Rc8 16. Bg3 Nh5 17. Bh4 Nf4 18. Qc2 g5 19. Bg3 Nb4 20. Qd2 Nh5 21. Bxc7 Rxc7 22. Rxc7 Qxc7 23. Qxb4 Rd8 24. Qd2 Nf4 25. g3 Ng6 26. h4 f5 27. hxg5 fxe4 28. gxh6 Qf7 29. Ng5 Qf5 30. Qe3 Ne5 31. Bxe4 Bxe4 32. Nxe4 Nf3+ 33. Kg2 Rf8 34. Rh1 Qd5 35. h7+ Kh8 36. Qh6 Rf7 37. Qg6 Rf8 38. Qg8+ 1-0

[Event "WY U-16 Chess Olympiad 2019"]
[Site "Corum"]
[Date "2019.10.30"]
[Round "3"]
[White "Spyropoulos, Nikolaos"]
[Black "Stremavicius, Pijus"]
[Result "1/2-1/2"]
[WhiteElo "2409"]
[BlackElo "2230"]
[Annotator "NA"]
[PlyCount "109"]
[EventDate "2019.10.28"]
[EventType "team-tourn"]
[EventCountry "TUR"]
[SourceTitle "playchess.com"]
[Source "ChessBase"]
[SourceQuality "1"]

1. e4 c5 2. Nf3 e6 3. d4 cxd4 4. Nxd4 Nf6 5. Nc3 Nc6 6. Ndb5 Bc5 7. Bf4 O-O 8. Bc7 Qe7 9. Bd6 Bxd6 10. Qxd6 Ne8 11. Qxe7 Nxe7 12. O-O-O f5 13. f3 fxe4 14. fxe4 Rf2 15. g3 a6 16. Nd6 Nxd6 17. Rxd6 b5 18. a4 bxa4 19. Nxa4 Ra7 20. Bc4 Rc7 21. Nb6 Ng6 22. Rf1 Rxf1+ 23. Bxf1 Ne5 24. Nxc8 Rxc8 25. Bxa6 Ra8 26. Kb1 Kf7 27. Bb5 Ke7 28. Rd2 Rf8 29. b3 d6 30. Kb2 g5 31. Bd3 h5 32. b4 h4 33. gxh4 gxh4 34. b5 Rb8 35. Rg2 Nxd3+ 36. cxd3 Rxb5+ 37. Kc3 Kf6 38. Rg4 Rh5 39. Kd4 d5 40. Rf4+ Ke7 41. e5 Ke8 42. h3 Ke7 43. Rf6 Kd7 44. Rf7+ Ke8 45. Ra7 Kf8 46. Rb7 Ke8 47. Rb8+ Ke7 48. Rb2 Kf7 49. Rb7+ Kf8 50. Ra7 Ke8 51. Rg7 Kf8 52. Rg4 Kf7 53. Rf4+ Ke7 54. Rf2 Rg5 55. Rf4 1/2-1/2

[Event "WY U-16 Chess Olympiad 2019"]
[Site "Corum"]
[Date "2019.10.30"]
[Round "3"]
[White "Babazada, Khazar"]
[Black "Kara, Gulce Nehir"]
[Result "1-0"]
[WhiteElo "2408"]
[BlackElo "1925"]
[Annotator "NA"]
[PlyCount "123"]
[EventDate "2019.10.28"]
[EventType "team-tourn"]
[EventCountry "TUR"]
[SourceTitle "playchess.com"]
[Source "ChessBase"]
[SourceQuality "1"]

1. g3 d5 2. Bg2 Nf6 3. Nf3 c5 4. O-O e6 5. b3 Nc6 6. Bb2 Be7 7. d3 O-O 8. Nbd2 b6 9. e4 Bb7 10. Re1 Nd7 11. Qe2 Bf6 12. e5 Be7 13. c4 d4 14. h4 Re8 15. Nf1 Bf8 16. Bc1 g6 17. Bf4 Bg7 18. N1h2 a5 19. a4 f6 20. exf6 Bxf6 21. Ng4 e5 22. Nxf6+ Qxf6 23. Bg5 Qg7 24. Nh2 Nd8 25. Bxb7 Nxb7 26. Qe4 Rab8 27. Re2 Kh8 28. Rae1 Qf7 29. Qc6 Qe6 30. Qxe6 Rxe6 31. Ng4 Rbe8 32. Nxe5 Kg8 33. Bf4 Nd8 34. Kf1 Nxe5 35. Rxe5 Kf7 36. R1e4 Rxe5 37. Rxe5 Ne6 38. Bd2 Rd8 39. Kg2 Kf6 40. Re1 Rd7 41. Bh6 Kf7 42. g4 Nd8 43. Kg3 Nc6 44. Bd2 Rd8 45. Re4 Rd7 46. Re1 Rd8 47. f4 Rd7 48. f5 gxf5 49. gxf5 Ne7 50. Kg4 Rd6 51. Bf4 Rc6 52. Bg5 Ng8 53. Kf3 h6 54. Bf4 Ne7 55. Re6 Rxe6 56. fxe6+ Kxe6 57. Bxh6 Kf5 58. Bf4 Nc8 59. Bc7 Ke6 60. Ke4 Kd7 61. Be5 Ne7 62. h5 1-0

[Event "WY U-16 Chess Olympiad 2019"]
[Site "Corum"]
[Date "2019.10.30"]
[Round "3"]
[White "Ahmadzada, Ahmad"]
[Black "Kasimov, Ali"]
[Result "1-0"]
[WhiteElo "2406"]
[BlackElo "2166"]
[Annotator "NA"]
[PlyCount "77"]
[EventDate "2019.10.28"]
[EventType "team-tourn"]
[EventCountry "TUR"]
[SourceTitle "playchess.com"]
[Source "ChessBase"]
[SourceQuality "1"]

1. e4 c5 2. Nf3 Nc6 3. d4 cxd4 4. Nxd4 e6 5. Nc3 Qc7 6. g3 a6 7. Bg2 Nf6 8. O-O Be7 9. Be3 O-O 10. f4 d6 11. Nb3 b5 12. a3 Bb7 13. g4 Nd7 14. g5 Nb6 15. f5 Nc4 16. Bc1 Rfe8 17. Kh1 N6e5 18. Nd4 exf5 19. Nxf5 Bf8 20. Qh5 g6 21. Nh6+ Kh8 22. Qh4 Bg7 23. Nd5 Bxd5 24. exd5 Rf8 25. b3 Nb6 26. Bb2 Nbd7 27. Rf2 f6 28. gxf6 Bxf6 29. Bxe5 dxe5 30. Qg3 Rae8 31. Raf1 Kg7 32. Nf5+ Kh8 33. Nd4 Qd6 34. Ne6 Rxe6 35. dxe6 Qxe6 36. Bh3 Qc6+ 37. Qg2 e4 38. Bxd7 Qxd7 39. Rxf6 1-0

[Event "WY U-16 Chess Olympiad 2019"]
[Site "Corum"]
[Date "2019.10.30"]
[Round "3"]
[White "Larkin, Vladyslav"]
[Black "Petkov, Momchil"]
[Result "0-1"]
[WhiteElo "2405"]
[BlackElo "2333"]
[Annotator "NA"]
[PlyCount "110"]
[EventDate "2019.10.28"]
[EventType "team-tourn"]
[EventCountry "TUR"]
[SourceTitle "playchess.com"]
[Source "ChessBase"]
[SourceQuality "1"]

1. c4 Nf6 2. Nc3 g6 3. g3 Bg7 4. Bg2 O-O 5. Nf3 d6 6. O-O Nc6 7. Rb1 e5 8. b4 Bf5 9. d3 Qd7 10. b5 Nd8 11. Re1 h6 12. Nd2 Bh3 13. Bh1 Ng4 14. e3 f5 15. f3 Nf6 16. Nb3 g5 17. d4 Qf7 18. Qe2 f4 19. exf4 gxf4 20. dxe5 dxe5 21. Ba3 Re8 22. Rbd1 Ne6 23. Qf2 Ng5 24. Nd2 Rad8 25. Qe2 Qg6 26. Bg2 Bxg2 27. Qxg2 Rd3 28. Bb2 Red8 29. Rf1 e4 30. Ndxe4 Nfxe4 31. Rxd3 Rxd3 32. Nxe4 Bxb2 33. Qxb2 Nxf3+ 34. Rxf3 Rxf3 35. Qd4 fxg3 36. hxg3 Rf7 37. c5 Qf5 38. Nf2 Qb1+ 39. Kg2 Qxb5 40. Qg4+ Kf8 41. Qc8+ Qe8 42. Qh3 Qc6+ 43. Kg1 Qf6 44. Qc8+ Kg7 45. Nh1 Qa1+ 46. Kg2 Qxa2+ 47. Kh3 Qd5 48. Kh2 Qh5+ 49. Kg2 Qxc5 50. g4 Qd5+ 51. Kh2 Qe5+ 52. Kg2 Qe2+ 53. Kh3 Rf3+ 54. Ng3 Qe5 55. Qd7+ Kg6 0-1

[Event "WY U-16 Chess Olympiad 2019"]
[Site "Corum"]
[Date "2019.10.30"]
[Round "3"]
[White "Gharibyan, Mamikon"]
[Black "Veiga, Jose Francisco R P N"]
[Result "1-0"]
[WhiteElo "2388"]
[BlackElo "2325"]
[Annotator "NA"]
[PlyCount "55"]
[EventDate "2019.10.28"]
[EventType "team-tourn"]
[EventCountry "TUR"]
[SourceTitle "playchess.com"]
[Source "ChessBase"]
[SourceQuality "1"]

1. d4 Nf6 2. c4 c5 3. d5 e6 4. Nc3 exd5 5. cxd5 d6 6. e4 g6 7. f4 Bg7 8. Bb5+ Nfd7 9. Bd3 O-O 10. Nf3 Na6 11. O-O Qc7 12. Be3 Nb4 13. Bb1 Nb6 14. a3 Na6 15. Bd3 Re8 16. Bf2 Bg4 17. h3 Bxf3 18. Qxf3 Nd7 19. Rad1 Rac8 20. e5 dxe5 21. d6 Qb6 22. Bc4 Nab8 23. Bh4 Nc6 24. Bxf7+ Kxf7 25. Qd5+ Re6 26. fxe5+ Bf6 27. Bxf6 Rce8 28. Be7+ 1-0